West Ham United Current Squad - Statistics

General Stats
  • This quiz has been taken 22 times
    6 since last reset
  • The average score is 17 of 28
Answer Stats
Hint Answer % Correct
29 Aaron Wan-Bissaka
100%
17 Adama Traoré
100%
23 Alphonse Areola
100%
7 Crysencio Summerville
100%
12 El Hadji Malick Diouf
100%
20 Jarrod Bowen
100%
25 Jean-Clair Todibo
100%
22 Łukasz Fabiański
100%
1 Mads Hermansen
100%
18 Mateus Fernandes
100%
3 Maximilian Kilman
100%
Nuno Espírito Santo
100%
11 Taty Castellanos
100%
28 Tomáš Souček
100%
4 Axel Disasi
67%
9 Callum Wilson
67%
15 Konsantinos Mavropanos
67%
2 Kyle Walker-Peters
67%
63 Ezra Mayers
0%
49 Finlay Herrick
0%
32 Freddie Potts
0%
66 Joshua Ajala
0%
21 Keiber Lamadrid
0%
61 Lewis Orford
0%
55 Mohamadou Kanté
0%
30 Ollie Scarles
0%
19 Pablo
0%
27 Soungoutou Magassa
0%
No matching quizzes found
Score Distribution
Percent of People with Each Score
Percentile by Number Answered
Your Score History
You have not taken this quiz since the last reset